000 00726na a2200253 4500
001 18507
003 MIRAKIL
005 20181213155036.0
008 161121b tu 000 0
020 _a9757414832
040 _aMilas
_btur
_cTR-AnCHP
041 _atur
082 _a323.44
_bD97 2000
090 _a323.44 D97 2000
245 _aDüşünceye özgürlük
_bherkes için
_cYayına hazırlayan Şanar Yurdatapan
260 _aİstanbul
_bAlan Yayıncılık
_c2000
300 _a96 s.
_c21 sm.
440 _aAlan Yayıncılık
_v189
490 _aDüşünce Dizisi
_v48
650 _aİfade özgürlüğü
650 _aDüşünce özgürlüğü
_zTürkiye
700 _aYurdatapan, Şanar
942 _2ddc
_cBKS
999 _c5413
_d5413